000
00222nam a22000857a 4500
008
160629b xxu||||| |||| 00| 0 eng d
100
_9
1433
_a
Purang, Y.P
245
_a
Environmental Educational for us
260
_a
N.D
_b
Arya
_c
2005
999
_c
1184
_d
1184